| 000 | 00918nam0a22002651 4500 | ||
|---|---|---|---|
| 001 | rc\2249581 | ||
| 005 | 20250623070211.0 | ||
| 035 | _a(NLR Aleph) 006652746 | ||
| 090 |
_a4811638 _c4811638 |
||
| 100 | _a20110829d1978 |||y0rusy50 ca | ||
| 101 | 0 | _arus | |
| 102 | _aRU | ||
| 105 | _aa z ||||| | ||
| 200 | 1 |
_aРуководство по изучению выпрямительного агрегата ВАКЭП-140-70 ПВ _eУчеб. пособие |
|
| 210 |
_aЛенинград _cБ. и. _d1978 |
||
| 215 |
_a14 с., 1 л. схем. _cил. _d20 |
||
| 300 | _aВ надзаг.: Ленингр. высш. воен.-мор. инж. училище имени В.И. Ленина | ||
| 320 | _aБиблиогр.: с. 13 | ||
| 700 | 1 |
_aГигаури _bК.В. |
|
| 801 | 0 |
_aRU _bNLR _gpsbo |
|
| 801 | 1 |
_aRU _bELAR _2rusmarc |
|
| 852 |
_aNLR _j82-4/22973 |
||
| 899 |
_aRuMoRGB _jB 79-7/456 |
||
| 942 | _cBOOK | ||
| 980 | _aNB | ||